[Event "CHN-chT (Women)"]
[Site "Qingdao"]
[Date "2024.04.10"]
[Round "9.1"]
[White "Ni, Shiqun"]
[Black "Wang, Yu A"]
[Result "1/2-1/2"]
[WhiteElo "2320"]
[BlackElo "2228"]
[PlyCount "63"]
[EventDate "2024.04.02"]
[EventType "team-swiss"]
[EventRounds "9"]
[EventCountry "CHN"]
[SourceTitle "CB16_2024"]
[SourceDate "2024.04.17"]
[SourceVersion "1"]
[SourceVersionDate "2024.04.17"]
[SourceQuality "1"]
[WhiteTeam "Shanghai (W)"]
[BlackTeam "Beijing (W)"]
[WhiteTeamCountry "CHN"]
[BlackTeamCountry "CHN"]

1. e4 e5 2. Nf3 Nc6 3. Bc4 Nf6 4. d3 Be7 5. 0-0 0-0 6. Nc3 d6 7. a4 Na5 8. Ba2 c5 9. Bg5 Nc6 10. Bxf6 Bxf6 11. Nd5 Be6 12. c3 g6 13. Qd2 Bg7 14. Rfb1 Rc8 15. b4 cxb4 16. Nxb4 Bxa2 17. Rxa2 Nxb4 18. Rxb4 b6 19. c4 Rc5 20. h3 Qd7 21. Qb2 f5 22. Nd2 Bh6 23. Nb3 fxe4 24. dxe4 Rc6 25. a5 Qf7 26. axb6 axb6 27. Qe2 Rfc8 28. Raa4 Bg5 29. Qd3 b5 30. Rxb5 Rxc4 31. Rxc4 Qxc4 32. Qd5+ 1/2-1/2

[Event "CHN-chT (Women)"]
[Site "Qingdao"]
[Date "2024.04.07"]
[Round "6.1"]
[White "Ni, Shiqun"]
[Black "Zhai, Mo"]
[Result "0-1"]
[WhiteElo "2320"]
[BlackElo "2342"]
[PlyCount "72"]
[EventDate "2024.04.02"]
[EventType "team-swiss"]
[EventRounds "9"]
[EventCountry "CHN"]
[SourceTitle "CB16_2024"]
[SourceDate "2024.04.17"]
[SourceVersion "1"]
[SourceVersionDate "2024.04.17"]
[SourceQuality "1"]
[WhiteTeam "Shanghai (W)"]
[BlackTeam "Hebei (W)"]
[WhiteTeamCountry "CHN"]
[BlackTeamCountry "CHN"]

1. e4 e5 2. Nf3 Nc6 3. Bc4 Bc5 4. d3 Nf6 5. Bg5 h6 6. Bh4 d6 7. c3 a5 8. a4 Be6 9. Nbd2 g5 10. Bg3 Nh5 11. Qb3 Qd7 12. 0-0-0 0-0-0 13. Qb5 Rhf8 14. Rhf1 Kb8 15. Kc2 Qe8 16. Bxe6 fxe6 17. h3 Rg8 18. Bh2 Nf4 19. Bxf4 gxf4 20. Ne1 Ba7 21. f3 d5 22. Nb3 Bb6 23. Rd2 Qe7 24. Nc1 Rd6 25. Re2 Be3 26. Nb3 Nb4+ 27. cxb4 Rb6 28. Qxa5 Ra6 29. Qxa6 bxa6 30. Na5 Ka8 31. Kb3 Qd6 32. exd5 Rb8 33. Nc2 Qxd5+ 34. Kc3 c5 35. Nxe3 cxb4+ 36. Kc2 b3+ 0-1

[Event "CHN-chT (Women)"]
[Site "Qingdao"]
[Date "2024.04.02"]
[Round "1.1"]
[White "Shi, Shuhua"]
[Black "Ni, Shiqun"]
[Result "0-1"]
[WhiteElo "1840"]
[BlackElo "2320"]
[PlyCount "58"]
[EventDate "2024.04.02"]
[EventType "team-swiss"]
[EventRounds "9"]
[EventCountry "CHN"]
[SourceTitle "CB16_2024"]
[SourceDate "2024.04.17"]
[SourceVersion "1"]
[SourceVersionDate "2024.04.17"]
[SourceQuality "1"]
[WhiteTeam "Shandong (W)"]
[BlackTeam "Shanghai (W)"]
[WhiteTeamCountry "CHN"]
[BlackTeamCountry "CHN"]

1. d4 Nf6 2. c4 e6 3. Nc3 Bb4 4. e3 0-0 5. Nf3 b6 6. Bd3 Bb7 7. 0-0 d5 8. cxd5 exd5 9. Qc2 a6 10. a3 Bd6 11. e4 dxe4 12. Nxe4 Nxe4 13. Bxe4 Bxe4 14. Qxe4 Nd7 15. Bg5 Re8 16. Qf5 f6 17. Rae1 Nf8 18. Qd5+ Kh8 19. Rxe8 Bxh2+ 20. Kxh2 Qxd5 21. Rxa8 Qxa8 22. Bf4 Ne6 23. Bg3 g5 24. Re1 Qd5 25. Rc1 h5 26. Kh1 h4 27. Bxc7 h3 28. Rc3 hxg2+ 29. Kxg2 g4 0-1

[Event "Wch Blitz (Women)"]
[Site "Samarkand"]
[Date "2023.12.30"]
[Round "16"]
[White "Vaishali, Ramesh Babu"]
[Black "Ni, Shiqun"]
[Result "1-0"]
[WhiteElo "2497"]
[BlackElo "2311"]
[PlyCount "63"]
[EventDate "2023.12.29"]
[EventType "swiss (blitz)"]
[EventRounds "17"]
[EventCountry "UZB"]
[SourceTitle "CB01_2024"]
[SourceDate "2024.01.03"]
[SourceVersion "1"]
[SourceVersionDate "2024.01.03"]
[SourceQuality "1"]

1. d4 d5 2. Nf3 Nf6 3. Bf4 Bf5 4. e3 e6 5. Nbd2 Bd6 6. Ne5 0-0 7. h4 h5 8. Be2 Bg6 9. Nxg6 fxg6 10. Bd3 Qe8 11. Nf3 Nbd7 12. Qe2 Ne4 13. Bxd6 cxd6 14. Bxe4 dxe4 15. Ng5 Nf6 16. 0-0-0 Rc8 17. Kb1 d5 18. f3 exf3 19. gxf3 e5 20. dxe5 Qxe5 21. Rd3 Rc6 22. Rhd1 Rfc8 23. c3 Rb6 24. Ka1 Ra6 25. Rd4 Rac6 26. Qd3 Qf5 27. e4 dxe4 28. fxe4 Qe5 29. Nf3 Qe6 30. e5 Ng4 31. Rd8+ Rxd8 32. Qxd8+ 1-0

[Event "Wch Blitz (Women)"]
[Site "Samarkand"]
[Date "2023.12.29"]
[Round "2"]
[White "Malikova, Marjona"]
[Black "Ni, Shiqun"]
[Result "0-1"]
[WhiteElo "2051"]
[BlackElo "2311"]
[PlyCount "74"]
[EventDate "2023.12.29"]
[EventType "swiss (blitz)"]
[EventRounds "17"]
[EventCountry "UZB"]
[SourceTitle "CB01_2024"]
[SourceDate "2024.01.03"]
[SourceVersion "1"]
[SourceVersionDate "2024.01.03"]
[SourceQuality "1"]

1. d4 d5 2. c4 dxc4 3. e3 Nf6 4. Bxc4 e6 5. Nf3 c5 6. 0-0 a6 7. a4 Nc6 8. dxc5 Bxc5 9. Qxd8+ Kxd8 10. Nc3 Ke7 11. b3 Bd7 12. Bb2 Rhd8 13. Rad1 Rac8 14. Ne2 Na5 15. Ne5 Be8 16. Rxd8 Rxd8 17. Bc3 Nxc4 18. Nxc4 b5 19. axb5 axb5 20. Ne5 Ne4 21. Bd4 f6 22. Nf3 e5 23. Bxc5+ Nxc5 24. b4 Nd3 25. Rb1 Nxb4 26. g4 Nd3 27. Ng3 g6 28. h4 b4 29. Ne2 Rc8 30. g5 Rc2 31. gxf6+ Kxf6 32. Ng3 Bc6 33. Ng5 Bd5 34. Nxh7+ Kg7 35. Ng5 b3 36. e4 b2 37. Ne2 Ba2 0-1

[Event "Wch Blitz (Women)"]
[Site "Samarkand"]
[Date "2023.12.29"]
[Round "4"]
[White "Nurgali, Nazerke"]
[Black "Ni, Shiqun"]
[Result "1-0"]
[WhiteElo "2250"]
[BlackElo "2311"]
[PlyCount "122"]
[EventDate "2023.12.29"]
[EventType "swiss (blitz)"]
[EventRounds "17"]
[EventCountry "UZB"]
[SourceTitle "CB01_2024"]
[SourceDate "2024.01.03"]
[SourceVersion "1"]
[SourceVersionDate "2024.01.03"]
[SourceQuality "1"]

1. d4 d5 2. Nf3 Nf6 3. c4 dxc4 4. e3 e6 5. Bxc4 c5 6. 0-0 a6 7. a4 Nc6 8. b3 cxd4 9. exd4 Be7 10. Bb2 0-0 11. Nc3 Na5 12. Ne5 Nxc4 13. Nxc4 Bd7 14. Ne5 Rc8 15. Rc1 Bc6 16. Re1 Qd6 17. Nc4 Qf4 18. Ne2 Qh4 19. Ne5 Bd5 20. Nc3 Bb4 21. Re3 Rfd8 22. Nxd5 Nxd5 23. Rh3 Qg5 24. Rg3 Qh4 25. Qf3 Qf4 26. Rc4 Qxf3 27. Rxf3 f6 28. Nd3 Be7 29. h3 b5 30. axb5 axb5 31. Rc1 Rxc1+ 32. Nxc1 Rc8 33. Nd3 Rc2 34. Bc1 Nb4 35. Bf4 Nd5 36. Bg3 Rd2 37. Nc5 Kf7 38. Rd3 Rc2 39. Ne4 Rc1+ 40. Kh2 Rc2 41. f3 Ke8 42. Nd6+ Bxd6 43. Bxd6 Kd7 44. Bc5 Rc3 45. Rxc3 Nxc3 46. Kg3 Kc6 47. Kf2 Kd5 48. Ke3 Nd1+ 49. Kd3 Nf2+ 50. Ke2 Nh1 51. g4 e5 52. Bf8 Ng3+ 53. Kf2 Nh1+ 54. Kg2 exd4 55. Kxh1 d3 56. Bb4 Kd4 57. Bd2 g6 58. Kg2 f5 59. Kf2 h5 60. gxh5 gxh5 61. Kg3 Kd5 1-0

[Event "Qingdao SCO Teams 5th"]
[Site "Qingdao"]
[Date "2023.12.18"]
[Round "8.3"]
[White "Enkhtuul, Altanulzii"]
[Black "Ni, Shiqun"]
[Result "0-1"]
[WhiteElo "2195"]
[BlackElo "2311"]
[PlyCount "92"]
[EventDate "2023.12.17"]
[EventType "team-tourn (rapid)"]
[EventRounds "9"]
[EventCountry "CHN"]
[SourceTitle "CB52_2023"]
[SourceDate "2023.12.27"]
[SourceVersion "1"]
[SourceVersionDate "2023.12.27"]
[SourceQuality "1"]
[WhiteTeam "Mongolia"]
[BlackTeam "China Shanghai"]
[WhiteTeamCountry "MGL"]
[BlackTeamCountry "CHN"]

1. d4 Nf6 2. Nf3 g6 3. Bf4 Bg7 4. e3 d6 5. c3 0-0 6. Be2 Nh5 7. Bg5 h6 8. Bh4 g5 9. Bg3 Bf5 10. Nfd2 Nxg3 11. hxg3 Nd7 12. Na3 c6 13. f4 Bh7 14. fxg5 hxg5 15. Rxh7 Kxh7 16. Bd3+ Kg8 17. Qh5 f5 18. 0-0-0 Rf6 19. Qxg5 e6 20. Nac4 Nf8 21. Qf4 b5 22. Na3 Bh6 23. Qf3 Rc8 24. Kb1 Nh7 25. Nc2 Ng5 26. Qe2 Qe7 27. e4 fxe4 28. Nxe4 Nxe4 29. Qxe4 Qg7 30. Rh1 Rc7 31. a3 Bg5 32. Ne1 Rh6 33. Rf1 d5 34. Qe2 Re7 35. Nf3 Bf6 36. Qf2 a5 37. Nh4 b4 38. axb4 axb4 39. Ng6 Rxg6 40. Bxg6 Qxg6+ 41. Ka2 Kg7 42. Qe2 bxc3 43. bxc3 Qxg3 44. Kb3 Rb7+ 45. Kc2 Qg6+ 46. Kd1 Rb1+ 0-1

[Event "Qingdao SCO Teams 5th"]
[Site "Qingdao"]
[Date "2023.12.17"]
[Round "4.9"]
[White "Ni, Shiqun"]
[Black "Sovetbekova, Nurai"]
[Result "1-0"]
[WhiteElo "2311"]
[BlackElo "1936"]
[PlyCount "71"]
[EventDate "2023.12.17"]
[EventType "team-tourn (rapid)"]
[EventRounds "9"]
[EventCountry "CHN"]
[SourceTitle "CB52_2023"]
[SourceDate "2023.12.27"]
[SourceVersion "1"]
[SourceVersionDate "2023.12.27"]
[SourceQuality "1"]
[WhiteTeam "China Shanghai"]
[BlackTeam "Kyrgyzstan"]
[WhiteTeamCountry "CHN"]
[BlackTeamCountry "KGZ"]

1. e4 c5 2. Nf3 d6 3. Bb5+ Bd7 4. c4 Nf6 5. Nc3 g6 6. 0-0 Bg7 7. Bxd7+ Qxd7 8. d4 cxd4 9. Qxd4 0-0 10. Bg5 a6 11. Qd3 Nc6 12. Rfe1 Qc7 13. Rac1 Qa5 14. a3 Ne5 15. Nxe5 Qxe5 16. Bh4 Ng4 17. Bg3 Qa5 18. Nd5 Rfe8 19. b4 Qd8 20. h3 Ne5 21. Qe2 e6 22. Ne3 Qe7 23. Red1 Red8 24. Rc2 Rac8 25. Rcd2 b6 26. f4 Nc6 27. Qf2 b5 28. Bh4 f6 29. Kh1 Bf8 30. cxb5 axb5 31. Rd3 Qf7 32. Ng4 Kg7 33. Bxf6+ Kg8 34. Bxd8 Nxd8 35. Rxd6 Bxd6 36. Nh6+ 1-0

[Event "CHN-chT DivA"]
[Site "Fuling"]
[Date "2023.06.11"]
[Round "6.5"]
[White "Ren, Xiaoyi"]
[Black "Ni, Shiqun"]
[Result "1/2-1/2"]
[WhiteElo "2079"]
[BlackElo "2323"]
[PlyCount "63"]
[EventDate "2023.06.05"]
[EventType "team-tourn"]
[EventRounds "11"]
[EventCountry "CHN"]
[SourceTitle "CBM 214 Extra"]
[Source "ChessBase"]
[SourceDate "2023.07.31"]
[SourceVersion "1"]
[SourceVersionDate "2023.07.31"]
[SourceQuality "1"]
[WhiteTeam "Chengdu"]
[BlackTeam "Shanghai"]
[WhiteTeamCountry "CHN"]
[BlackTeamCountry "CHN"]

1. Nf3 d5 2. d4 Nf6 3. Bf4 c5 4. e3 Nc6 5. c3 Qb6 6. Qc2 Nh5 7. Bg5 h6 8. Bh4 g5 9. Bg3 Nxg3 10. hxg3 Bg7 11. Nbd2 cxd4 12. exd4 Bg4 13. Bd3 Qc7 14. Nf1 Bxf3 15. gxf3 e5 16. Ne3 exd4 17. Nf5 Bf6 18. cxd4 0-0-0 19. 0-0-0 h5 20. Kb1 Kb8 21. Bf1 Ne7 22. Qd3 Nxf5 23. Qxf5 Qb6 24. Qd3 Rc8 25. Qd2 Qd6 26. f4 gxf4 27. Qxf4 Qxf4 28. gxf4 h4 29. Bg2 Rcd8 30. Kc2 Kc7 31. Kd3 Kd6 32. Bh3 1/2-1/2

[Event "CHN-chT DivA"]
[Site "Fuling"]
[Date "2023.06.06"]
[Round "2.3"]
[White "Shen, Yang"]
[Black "Ni, Shiqun"]
[Result "1/2-1/2"]
[WhiteElo "2399"]
[BlackElo "2323"]
[PlyCount "95"]
[EventDate "2023.06.05"]
[EventType "team-tourn"]
[EventRounds "11"]
[EventCountry "CHN"]
[SourceTitle "CBM 214 Extra"]
[Source "ChessBase"]
[SourceDate "2023.07.31"]
[SourceVersion "1"]
[SourceVersionDate "2023.07.31"]
[SourceQuality "1"]
[WhiteTeam "Jiangsu"]
[BlackTeam "Shanghai"]
[WhiteTeamCountry "CHN"]
[BlackTeamCountry "CHN"]

1. d4 Nf6 2. Nf3 g6 3. Bf4 Bg7 4. e3 d6 5. h3 c5 6. c3 Qb6 7. Qb3 Be6 8. Qb5+ Nc6 9. Nbd2 0-0 10. dxc5 Qxc5 11. Qxc5 dxc5 12. Ng5 Bd7 13. 0-0-0 b6 14. Ba6 Na5 15. Be5 h6 16. Ngf3 Bc8 17. Bxc8 Raxc8 18. g4 Rfd8 19. Kc2 Kf8 20. Rhg1 Nd5 21. h4 Bxe5 22. Nxe5 c4 23. h5 g5 24. Ndf3 e6 25. Rd4 f6 26. Ng6+ Kf7 27. Rgd1 Nc6 28. R4d2 b5 29. Nd4 Nxd4+ 30. Rxd4 Ke8 31. e4 Nf4 32. Rd6 Rxd6 33. Rxd6 Rd8 34. Ra6 Nd3 35. Rxe6+ Kf7 36. Re7+ Kg8 37. Rxa7 Ne1+ 38. Kc1 Nd3+ 39. Kb1 Nxf2 40. a4 bxa4 41. Ne7+ Kf8 42. e5 Nxg4 43. Ng6+ Kg8 44. e6 Re8 45. Ne7+ Kf8 46. Ng6+ Kg8 47. Ne7+ Kf8 48. Ng6+ 1/2-1/2

[Event "CHN-chT (Women)"]
[Site "Hangzhou"]
[Date "2023.05.23"]
[Round "5.1"]
[White "Ni, Shiqun"]
[Black "Xiao, Yiyi"]
[Result "1/2-1/2"]
[WhiteElo "2332"]
[BlackElo "2394"]
[PlyCount "65"]
[EventDate "2023.05.19"]
[EventType "team-swiss"]
[EventRounds "9"]
[EventCountry "CHN"]
[SourceTitle "CBM 214 Extra"]
[Source "ChessBase"]
[SourceDate "2023.07.31"]
[SourceVersion "1"]
[SourceVersionDate "2023.07.31"]
[SourceQuality "1"]
[WhiteTeam "Shanghai (W)"]
[BlackTeam "Tianjin (W)"]
[WhiteTeamCountry "CHN"]
[BlackTeamCountry "CHN"]

1. d4 d5 2. c4 dxc4 3. e3 Nf6 4. Bxc4 e6 5. Nf3 c5 6. 0-0 a6 7. dxc5 Qxd1 8. Rxd1 Bxc5 9. Nbd2 Nbd7 10. Be2 b6 11. Nc4 Bb7 12. Nd4 Bd5 13. Nb3 Be7 14. Bd2 0-0 15. f3 Rfc8 16. Rac1 e5 17. e4 Be6 18. Be3 a5 19. a4 Rc6 20. Ncd2 Rac8 21. Ba6 Rxc1 22. Rxc1 Rxc1+ 23. Nxc1 Bc5 24. Kf2 Bxe3+ 25. Kxe3 Nc5 26. Bc4 Bd7 27. b3 Kf8 28. Nd3 Nxd3 29. Bxd3 Be6 30. Bc4 Bc8 31. Bb5 Be6 32. Bc4 Bc8 33. Bb5 1/2-1/2

[Event "CHN-chT (Women)"]
[Site "Hangzhou"]
[Date "2023.05.20"]
[Round "2.1"]
[White "Yan, Tianqi"]
[Black "Ni, Shiqun"]
[Result "1/2-1/2"]
[WhiteElo "2220"]
[BlackElo "2332"]
[PlyCount "60"]
[EventDate "2023.05.19"]
[EventType "team-swiss"]
[EventRounds "9"]
[EventCountry "CHN"]
[SourceTitle "CBM 214 Extra"]
[Source "ChessBase"]
[SourceDate "2023.07.31"]
[SourceVersion "1"]
[SourceVersionDate "2023.07.31"]
[SourceQuality "1"]
[WhiteTeam "Hangzhou (W)"]
[BlackTeam "Shanghai (W)"]
[WhiteTeamCountry "CHN"]
[BlackTeamCountry "CHN"]

1. e4 e5 2. Nf3 Nf6 3. d4 Nxe4 4. Bd3 d5 5. Nxe5 Nd7 6. Nxd7 Bxd7 7. 0-0 Bd6 8. Qh5 0-0 9. Qxd5 Bc6 10. Qh5 g6 11. Qh3 Ng5 12. Bxg5 Qxg5 13. Nc3 Rae8 14. Rae1 Qf4 15. Rd1 Bd7 16. Nd5 Bxh3 17. Nxf4 Bg4 18. f3 Bxf4 19. fxg4 Be3+ 20. Kh1 Bxd4 21. Bc4 Bc5 22. Rd7 Re7 23. Rxe7 Bxe7 24. Rd1 Kg7 25. Rd7 Rd8 26. Rxd8 Bxd8 27. Kg1 c6 28. Kf2 Kf6 29. Kf3 Bc7 30. h3 Be5 1/2-1/2

[Event "CHN-ch (Women)"]
[Site "Xinghua"]
[Date "2023.05.14"]
[Round "9"]
[White "Song, Yuxin"]
[Black "Ni, Shiqun"]
[Result "1/2-1/2"]
[WhiteElo "2341"]
[BlackElo "2332"]
[PlyCount "60"]
[EventDate "2023.05.06"]
[EventType "tourn"]
[EventRounds "11"]
[EventCountry "CHN"]
[SourceTitle "CBM 215 Extra"]
[Source "ChessBase"]
[SourceDate "2023.09.30"]
[SourceVersion "1"]
[SourceVersionDate "2023.09.30"]
[SourceQuality "1"]

1. e4 c5 2. Nf3 Nc6 3. Bb5 e6 4. 0-0 Nge7 5. Re1 a6 6. Bf1 d5 7. exd5 Nxd5 8. d4 Nf6 9. Be3 Be7 10. h3 0-0 11. c4 b6 12. Nc3 Bb7 13. Qd2 Nb4 14. Be2 Ne4 15. Nxe4 Bxe4 16. Rec1 Rc8 17. a3 Nc6 18. Rd1 Bxf3 19. Bxf3 cxd4 20. Bxc6 dxe3 21. Qxe3 Qc7 22. Rd7 Qxc6 23. Rxe7 Qxc4 24. Qxb6 Rfd8 25. Qa7 Qf4 26. Rd7 Rxd7 27. Qxd7 Rc1+ 28. Rxc1 Qxc1+ 29. Kh2 Qf4+ 30. Kg1 Qc1+ 1/2-1/2

[Event "CHN-ch (Women)"]
[Site "Xinghua"]
[Date "2023.05.09"]
[Round "4"]
[White "Ni, Shiqun"]
[Black "Li, Xueyi"]
[Result "1/2-1/2"]
[WhiteElo "2332"]
[BlackElo "2276"]
[PlyCount "130"]
[EventDate "2023.05.06"]
[EventType "tourn"]
[EventRounds "11"]
[EventCountry "CHN"]
[SourceTitle "CBM 215 Extra"]
[Source "ChessBase"]
[SourceDate "2023.09.30"]
[SourceVersion "1"]
[SourceVersionDate "2023.09.30"]
[SourceQuality "1"]

1. e4 c6 2. d4 d5 3. Nc3 g6 4. e5 Bg7 5. Bf4 f6 6. Qd2 Bf5 7. h4 Nd7 8. Nf3 fxe5 9. dxe5 Nc5 10. 0-0-0 Ne6 11. Be3 Bg4 12. Be2 Bxf3 13. Bxf3 Bxe5 14. Bg4 Ng7 15. f4 Bf6 16. h5 Nh6 17. Bf3 gxh5 18. Bxh5+ Nxh5 19. Rxh5 Nf7 20. g4 Qa5 21. g5 Bg7 22. Bd4 Bxd4 23. Qxd4 0-0-0 24. a3 Nd6 25. g6 Qb6 26. Qxb6 axb6 27. Rdh1 h6 28. Ne2 Rdg8 29. f5 e6 30. fxe6 Rxg6 31. Nd4 Ne4 32. Nf5 Rxe6 33. Rxh6 Rexh6 34. Rxh6 Rf8 35. Nd6+ Nxd6 36. Rxd6 b5 37. b3 Rf4 38. Kb2 Kc7 39. Rh6 Kb6 40. Rh7 Rf1 41. Rd7 Rd1 42. b4 Re1 43. Kb3 Re3+ 44. Kb2 Ka7 45. Rd8 b6 46. Rd7+ Kb8 47. Ka2 Kc8 48. Ra7 d4 49. Kb2 Re2 50. Kb1 d3 51. cxd3 Rd2 52. a4 bxa4 53. Rxa4 Rxd3 54. Kc2 Rd7 55. Kc3 Kb7 56. Ra1 Rh7 57. Kb3 Rh3+ 58. Kb2 Kc7 59. Rd1 Rh6 60. Kc3 Rd6 61. Ra1 Rd5 62. Ra7+ Kd6 63. Rb7 b5 64. Rh7 Rf5 65. Rh3 c5 1/2-1/2

[Event "China zt 3.5 (Women)"]
[Site "Shenzhen"]
[Date "2023.04.13"]
[Round "9"]
[White "Li, Xueyi"]
[Black "Ni, Shiqun"]
[Result "1/2-1/2"]
[WhiteElo "2284"]
[BlackElo "2338"]
[PlyCount "87"]
[EventDate "2023.04.05"]
[EventType "swiss"]
[EventRounds "9"]
[EventCountry "CHN"]
[SourceTitle "CBM 213 Extra"]
[Source "ChessBase"]
[SourceDate "2023.05.31"]
[SourceVersion "1"]
[SourceVersionDate "2023.05.31"]
[SourceQuality "1"]

1. e4 e5 2. Nc3 Nf6 3. Bc4 Nxe4 4. Qh5 Nd6 5. Bb3 Be7 6. Nf3 Nc6 7. Nxe5 g6 8. Nxc6 dxc6 9. Qf3 0-0 10. d3 Nf5 11. 0-0 Nd4 12. Qd1 a5 13. Be3 b6 14. Re1 Nxb3 15. axb3 Be6 16. Qf3 c5 17. Bf4 Bd6 18. Bxd6 cxd6 19. d4 Rc8 20. dxc5 Rxc5 21. Rad1 b5 22. Ne4 Rxc2 23. Qd3 Rc6 24. Qd4 f5 25. Nxd6 Qf6 26. Qe3 Bf7 27. Nxf7 Qxf7 28. h3 f4 29. Qf3 Re6 30. Rxe6 Qxe6 31. Rd4 Qe5 32. Rd5 Qxb2 33. Rxb5 Qd2 34. Rb7 Rf7 35. Rb8+ Kg7 36. Kh2 Qd4 37. Rb5 a4 38. b4 Qb2 39. Rb7 Rxb7 40. Qxb7+ Kh6 41. f3 a3 42. Qe7 a2 43. Qh4+ Kg7 44. Qe7+ 1/2-1/2

[Event "China zt 3.5 (Women)"]
[Site "Shenzhen"]
[Date "2023.04.11"]
[Round "7"]
[White "Sun, Fanghui"]
[Black "Ni, Shiqun"]
[Result "1/2-1/2"]
[WhiteElo "2196"]
[BlackElo "2338"]
[PlyCount "84"]
[EventDate "2023.04.05"]
[EventType "swiss"]
[EventRounds "9"]
[EventCountry "CHN"]
[SourceTitle "CBM 213 Extra"]
[Source "ChessBase"]
[SourceDate "2023.05.31"]
[SourceVersion "1"]
[SourceVersionDate "2023.05.31"]
[SourceQuality "1"]

1. e4 c5 2. Nf3 Nc6 3. d4 cxd4 4. Nxd4 Nf6 5. Nc3 e5 6. Ndb5 d6 7. Bg5 a6 8. Na3 b5 9. Nd5 Be7 10. Bxf6 Bxf6 11. c4 b4 12. Nc2 a5 13. g3 0-0 14. Bg2 g6 15. Nxf6+ Qxf6 16. 0-0 h5 17. Qd3 h4 18. Rad1 h3 19. Bh1 Bg4 20. Qxd6 Qxd6 21. Rxd6 Rfc8 22. f3 Be6 23. b3 a4 24. f4 axb3 25. axb3 Ra2 26. Rc1 Rb2 27. f5 gxf5 28. exf5 Bxf5 29. Bxc6 Rxc2 30. Rxc2 Bxc2 31. Ba4 f5 32. Rd5 Kf7 33. Rxe5 Rd8 34. Kf2 Be4 35. Ke2 Rd3 36. g4 Kf6 37. Re8 Rc3 38. gxf5 Kxf5 39. Rh8 Kf4 40. Rf8+ Ke5 41. Re8+ Kf4 42. Rf8+ Ke5 1/2-1/2

[Event "China zt 3.5 (Women)"]
[Site "Shenzhen"]
[Date "2023.04.10"]
[Round "6"]
[White "Ni, Shiqun"]
[Black "Zhai, Mo"]
[Result "1/2-1/2"]
[WhiteElo "2338"]
[BlackElo "2362"]
[PlyCount "61"]
[EventDate "2023.04.05"]
[EventType "swiss"]
[EventRounds "9"]
[EventCountry "CHN"]
[SourceTitle "CBM 213 Extra"]
[Source "ChessBase"]
[SourceDate "2023.05.31"]
[SourceVersion "1"]
[SourceVersionDate "2023.05.31"]
[SourceQuality "1"]

1. e4 e5 2. Nf3 Nc6 3. Bb5 Nf6 4. 0-0 Nxe4 5. Re1 Nd6 6. Nxe5 Be7 7. Bf1 Nxe5 8. Rxe5 0-0 9. Nc3 Bf6 10. Re1 Re8 11. Rxe8+ Nxe8 12. Nd5 Bg5 13. c4 c6 14. Nc3 d5 15. cxd5 cxd5 16. d4 Bxc1 17. Rxc1 Be6 18. g3 h6 19. Qb3 Nd6 20. Bg2 Rc8 21. Rf1 Rc4 22. Nxd5 Rxd4 23. Rd1 Rxd1+ 24. Qxd1 Nc4 25. b3 Ne5 26. Qe2 Bxd5 27. Qxe5 Bxg2 28. Kxg2 b6 29. Qe4 Qd7 30. a4 a5 31. h4 1/2-1/2

[Event "China zt 3.5 (Women)"]
[Site "Shenzhen"]
[Date "2023.04.05"]
[Round "1"]
[White "Wang, Chuqiao"]
[Black "Ni, Shiqun"]
[Result "1/2-1/2"]
[WhiteElo "2022"]
[BlackElo "2338"]
[PlyCount "53"]
[EventDate "2023.04.05"]
[EventType "swiss"]
[EventRounds "9"]
[EventCountry "CHN"]
[SourceTitle "CBM 213 Extra"]
[Source "ChessBase"]
[SourceDate "2023.05.31"]
[SourceVersion "1"]
[SourceVersionDate "2023.05.31"]
[SourceQuality "1"]

1. d4 d5 2. c4 c6 3. Nf3 Nf6 4. e3 Bf5 5. Nh4 Bg4 6. f3 Bc8 7. g3 g6 8. Nc3 Bg7 9. Ng2 Nbd7 10. cxd5 Nxd5 11. Nxd5 cxd5 12. Nf4 Nb6 13. Bg2 0-0 14. 0-0 e6 15. Nd3 Nd7 16. b3 b6 17. Bb2 Bb7 18. Qd2 Rc8 19. Rac1 a5 20. Rxc8 Qxc8 21. Rc1 Qb8 22. Qc2 Rc8 23. Qd2 Rd8 24. Qc2 Rc8 25. Qd2 Rd8 26. Qc2 Rc8 27. Qd2 1/2-1/2

[Event "CHN-chT (Women)"]
[Site "Nanjing"]
[Date "2023.02.18"]
[Round "5.2"]
[White "Liu, Hongyan"]
[Black "Ni, Shiqun"]
[Result "0-1"]
[WhiteElo "2003"]
[BlackElo "2354"]
[PlyCount "86"]
[EventDate "2023.02.14"]
[EventType "team-swiss"]
[EventRounds "9"]
[EventCountry "CHN"]
[SourceTitle "CBM 212 Extra"]
[Source "ChessBase"]
[SourceDate "2023.03.31"]
[SourceVersion "1"]
[SourceVersionDate "2023.03.31"]
[SourceQuality "1"]
[WhiteTeam "Tianjin (W)"]
[BlackTeam "Shanghai (W)"]
[WhiteTeamCountry "CHN"]
[BlackTeamCountry "CHN"]

1. d4 Nf6 2. c4 b6 3. Nc3 Bb7 4. f3 d5 5. cxd5 Nxd5 6. Nxd5 Qxd5 7. e4 Qd7 8. Bf4 e6 9. a3 c5 10. dxc5 Bxc5 11. Qxd7+ Nxd7 12. Bb5 a6 13. Bxd7+ Kxd7 14. b4 Be7 15. Ne2 Rhc8 16. Kf2 Rc6 17. Rhd1+ Ke8 18. Rac1 Rac8 19. Rxc6 Rxc6 20. Rc1 Kd7 21. Nd4 Rxc1 22. Bxc1 e5 23. Nf5 Bf8 24. Bd2 Kc6 25. Ne3 Kb5 26. Ke2 f6 27. Kd3 Ka4 28. Bc1 a5 29. bxa5 bxa5 30. Nc2 Ba6+ 31. Kc3 Bc5 32. Bd2 Bf1 33. Be3 Bd6 34. g3 Be2 35. f4 Bf3 36. Kd3 Kb3 37. Bd2 a4 38. Ne1 Bd1 39. fxe5 fxe5 40. Ng2 Bc2+ 41. Ke3 Bxa3 42. Ne1 Bc5+ 43. Kf3 a3 0-1

[Event "CHN-chT (Women)"]
[Site "Nanjing"]
[Date "2023.02.15"]
[Round "2.2"]
[White "Ni, Shiqun"]
[Black "Guo, Weibao"]
[Result "1-0"]
[WhiteElo "2354"]
[BlackElo "1907"]
[PlyCount "61"]
[EventDate "2023.02.14"]
[EventType "team-swiss"]
[EventRounds "9"]
[EventCountry "CHN"]
[SourceTitle "CBM 212 Extra"]
[Source "ChessBase"]
[SourceDate "2023.03.31"]
[SourceVersion "1"]
[SourceVersionDate "2023.03.31"]
[SourceQuality "1"]
[WhiteTeam "Shanghai (W)"]
[BlackTeam "Beijing (W)"]
[WhiteTeamCountry "CHN"]
[BlackTeamCountry "CHN"]

1. e4 e6 2. d4 d5 3. Nd2 dxe4 4. Nxe4 Bd7 5. Nf3 Bc6 6. Bd3 Nd7 7. 0-0 Ngf6 8. Ned2 Be7 9. Re1 0-0 10. c3 b6 11. Nc4 Bd5 12. Bf4 c5 13. Nfe5 Bb7 14. Re3 cxd4 15. cxd4 g6 16. Bh6 Re8 17. Rg3 Bf8 18. Bg5 Be7 19. h4 b5 20. Nd2 Qb6 21. Be3 Rad8 22. h5 Nf8 23. hxg6 hxg6 24. Qc2 Rc8 25. Qb1 Nh5 26. Rh3 Ng7 27. Qd1 Bf6 28. g4 a6 29. Ne4 Bxe4 30. Bxe4 Qd8 31. Qf3 1-0

[Event "CHN-chT Div A KO"]
[Site "Liaocheng"]
[Date "2023.02.11"]
[Round "6.2"]
[White "Li, Xueyi"]
[Black "Ni, Shiqun"]
[Result "1/2-1/2"]
[WhiteElo "2277"]
[BlackElo "2354"]
[PlyCount "58"]
[EventDate "2023.02.06"]
[EventType "team-k.o."]
[EventRounds "6"]
[EventCountry "CHN"]
[SourceTitle "CBM 212 Extra"]
[Source "ChessBase"]
[SourceDate "2023.03.31"]
[SourceVersion "1"]
[SourceVersionDate "2023.03.31"]
[SourceQuality "1"]
[WhiteTeam "Shenzhen"]
[BlackTeam "Shanghai"]
[WhiteTeamCountry "CHN"]
[BlackTeamCountry "CHN"]

1. d4 d5 2. Nf3 Nf6 3. g3 Bf5 4. c4 e6 5. Nc3 h6 6. Qb3 Nc6 7. a3 Na5 8. Qa4+ c6 9. c5 Ne4 10. Nxe4 Bxe4 11. Bd2 Nc4 12. Bc3 Qc8 13. Bh3 a5 14. 0-0 Be7 15. Nd2 Nxd2 16. Bxd2 0-0 17. Bg2 Bg6 18. Rfe1 Bd8 19. Bf4 Bc7 20. Bxc7 Qxc7 21. Rac1 Rfe8 22. e4 dxe4 23. Bxe4 Bxe4 24. Rxe4 Rad8 25. Rc3 Rd7 26. Rb3 Qd8 27. Rbe3 Qc7 28. Rb3 Qd8 29. Rbe3 Qc7 1/2-1/2